| 000 | 00703nam a2200277Ia 4500 | ||
|---|---|---|---|
| 008 | 181129s9999 xx 000 0 und d | ||
| 020 | _a9781538729137 | ||
| 050 | _a305.2 | ||
| 050 | _bB813 2018 | ||
| 100 | _aBrown, Kelly Williams | ||
| 245 | 0 | _aAdulting : | |
| 245 | 0 | _bhow to become a grown-up in 535 easy(ish) steps / | |
| 245 | 0 | _cby Kelly Williams Brown. | |
| 250 | _aUpdated edition. | ||
| 260 | _aNew York, NY : | ||
| 260 | _bGrand Central Life & Style, | ||
| 260 | _c2018 | ||
| 300 | _a331 pages : | ||
| 300 | _billustrations ; | ||
| 300 | _c21cm. | ||
| 650 | _aAdulthood -- | ||
| 650 | _aYoung adults -- | ||
| 650 | _xHumor. | ||
| 650 | _xHumor. | ||
| 700 | _aTitle. | ||
| 999 |
_c360171 _d360171 |
||